000 00301nam a22001337a 4500
008 190304b xxu||||| |||| 00| 0 eng d
020 _a9780312403560
041 _aeng
080 _a941
100 _a16
101 _aHIS
245 _aA Student's Guide to History
_cBenjamin, J.R
942 _2udc
_cBK
999 _c54445
_d54445